1005 1693 1783 1143 1817 1749 1144 1984 1351 1289 1013 1274 1304 1305 1608 1310 1935 1734 1089 1028 1825 1297 1203 1683 1693 1073 1548 1733 1131 1769 1885 1352 1082 1536 1963 1076 1342 1757 1654 1099 1412 1053 1520 1812 1824 1389 1660 1527 1827 1915 1628 1578 1365 1515 1774 1366 1787 1145 1204 1958 1538 1736 1088 1941 1325 1705 1847 1923 1617 1230 1051 1576 1015 1144 1679 1247 1449 1415 1245 1453 1211 1524 1440 1269 1883 1447 1095 1772 1745 1330 1018 1640 1561 1005 1411 1377 1616 1679 1347 BCNSPRNW ULIB Ver.6.0+V

เปลี่ยนเป็นภาษาไทย

Change to English
 แสดงรายละเอียดบรรณานุกรม
  กลับหน้าหลัก

Brief Record : Get Marc (ISO 2709) : E-mail record : QR code < ปิดหน้าต่าง
LEADER : 00000nam 2200000uu 4500
001    13399115209
003     ULIB
008    120730s2554||||th 000 0 tha d
020    ^a9786165092821
050  0 ^aPE1131^bพ73ก
100 0  ^aพี่นุ้ยอิงลิช
245 1  ^aเก่งอังกฤษได้ไม่เห็นต้องจ่าย(แพง) /^cพี่นุ้ยอิงลิชและพี่ปุ้ย
260    ^aกรุงเทพฯ :^bอมรินทร์บุ๊คเซ็นเตอร์,^c2554
300    ^a135 หน้า ;^c22 ซม.
650    ^aภาษาอังกฤษ^xการใช้ภาษา
700 0  ^aพี่ปุ้ย
945    ^p120^l0^i032163
945    ^p120^l0^i032164
995    ^aเกษร
999    ^aใช้งานได้ทุกระบบ
รายการนี้ยังไม่มีแท็ก
คุณยังไม่ได้ล็อกอิน คุณสามารถมีกิจกรรมร่วมกับเว็บไซต์ได้ แต่ต้องล็อกอินก่อน ::
  ล็อกอิน

รายการสื่อสารสนเทศ

ลำดับที่ ประเภท เลขเรียก/บาร์โค้ด สถานที่ สถานะ
- ไม่พบข้อมูล -

รายการใกล้เคียง
    ผู้แต่ง [พี่นุ้ยอิงลิช]

    หัวเรื่อง [ภาษาอังกฤษ การใช้ภาษา]

BibComment


ยังไม่เคยถูกคอมเมนท์

คอมเมนท์ทรัพยากรรายการนี้
  คอมเมนท์: เก่งอังกฤษได้ไม่..


 Copyright 2026. Bcnsprnw @Library